Comemos lo que somos : reflexiones sobre cuerpo, género y salud /

Bibliographic Details
Main Author: Gracia Arnaiz, Mabel (Author)
Format: Electronic eBook
Language:Spanish
Published: Barcelona : Icaria, [2015]
Series:Observatorio de la alimentación ; 4.
Subjects:
Online Access:Digitalia Hispánica

MARC

LEADER 00000nam a2200000Ii 4500
001 DIGULZM0060
003 NyNyDIG
006 m o d
007 cr |||||||||||
008 240108s2015 sp o 000 0 spa d
035 |a (OCoLC)1417821093 
040 |a DGITA  |b eng  |e rda  |e pn  |c DGITA 
020 |a 9788498887020  |q eBook 
020 |z 9788498886498 
050 1 4 |a GT2850 ebook 
082 0 4 |a 394.12  |2 23 
100 1 |a Gracia Arnaiz, Mabel,  |e author. 
245 1 0 |a Comemos lo que somos :  |b reflexiones sobre cuerpo, género y salud /  |c Mabel Gracia-Arnaiz. 
264 1 |a Barcelona :  |b Icaria,  |c [2015] 
300 |a 1 online resource. 
336 |a text  |b txt  |2 rdacontent 
337 |a computer  |b c  |2 rdamedia 
338 |a online resource  |b cr  |2 rdacarrier 
347 |a text file  |2 rdaft 
347 |b EPUB 
490 1 |a Observatorio de la alimentación ;  |v 4 
504 |a Includes bibliographical references. 
588 0 |a Online resource; title from ePub title page (Digitalia, viewed January 8, 2024) 
650 0 |a Food habits. 
650 0 |a Food  |x Social aspects. 
650 0 |a Body image  |x Social aspects. 
791 2 |a Digitalia (Firm),  |e distributor. 
793 0 |g Digitalia eBook Collection:  |a Ulzama 
776 0 8 |i Print version:  |a Gracia Arnaiz, Mabel.  |t Comemos lo que somos.  |d Barcelona : Icaria, [2015]  |z 9788498886498 
830 0 |a Observatorio de la alimentación ;  |v 4. 
856 4 0 |3 Digitalia Hispánica  |u https://www.digitaliapublishing.com/a/88777/ 
910 |a Premium collection: 2024